000 00486nam a22001937a 4500
003 OSt
005 20241105102216.0
008 241105b |||||||| |||| 00| 0 eng d
040 _cMRSPTU
041 _aENG
082 _a581.2
_bSI-I
100 _aSingh, R.S.
245 _aIntroduction to Principles of Plant Pathology
250 _a5th Ed.
260 _aNew Delhi
_bScientific International Pvt. Ltd.
_c2024
300 _a406
650 _aAgriculture
942 _2ddc
_cBK
_n0
999 _c10429
_d10429